| 000 | 00915cam a2200253 4500 | ||
|---|---|---|---|
| 008 | 090401t xxu||||| |||| 00| 0 eng d | ||
| 020 | _a0860104605 | ||
| 035 | _a(Sirsi) u25404 | ||
| 041 | _aeng | ||
| 050 |
_a341.448 _c18 |
||
| 100 | _aBrown, E. D. | ||
| 245 | _aSea-bed energy and mineral resources and the law of the sea | ||
| 260 |
_aLondon _bGraham and Trotman _c1984-86 |
||
| 300 |
_a3 _fv. _bill., maps _c24cm. |
||
| 350 | _a120 | ||
| 505 | _aThe areas with national jurisdiction | ||
| 505 | _aThe area beyond the limits of national jurisdiction | ||
| 505 | _aSelected documents, tables and bibliography | ||
| 520 | _aComprehensive guide to international law and agreements surrounding the extraction of minerals from the sea bed. | ||
| 650 | _aUNITED NATIONS CONVENTION ON THE LAW OF THE SEA | ||
| 690 | _aPROPERTY-RURAL AND NATURAL ASSETS-MARINE RESOURCES | ||
| 942 | _n0 | ||
| 948 | _c04/03/1997 | ||
| 999 |
_c88731 _d88731 |
||